Mechanics of Materials (Record no. 341559)
[ view plain ]
| 000 -LEADER | |
|---|---|
| fixed length control field | 00366nam a22001577a 4500 |
| 020 ## - INTERNATIONAL STANDARD BOOK NUMBER | |
| International Standard Book Number | 9788131518335 |
| 082 ## - DEWEY DECIMAL CLASSIFICATION NUMBER | |
| Classification number | 624.17 |
| Item number | GER/ME |
| 100 ## - MAIN ENTRY--PERSONAL NAME | |
| Personal name | Gere,James M. |
| 9 (RLIN) | 92 |
| 100 ## - MAIN ENTRY--PERSONAL NAME | |
| Personal name | Goodno,Barry J. |
| 9 (RLIN) | 624 |
| 245 ## - TITLE STATEMENT | |
| Title | Mechanics of Materials |
| 250 ## - EDITION STATEMENT | |
| Edition statement | 7 th |
| 260 ## - PUBLICATION, DISTRIBUTION, ETC. (IMPRINT) | |
| Place of publication, distribution, etc. | New Delhi |
| Name of publisher, distributor, etc. | Cengage Learning |
| Date of publication, distribution, etc. | 2012 |
| 300 ## - PHYSICAL DESCRIPTION | |
| Extent | 1002 |
| 500 ## - GENERAL NOTE | |
| General note | SI Edition |
| 942 ## - ADDED ENTRY ELEMENTS (KOHA) | |
| Koha item type | Books (General) |
| Withdrawn status | Lost status | Damaged status | Not for loan | Collection code | Home library | Current library | Shelving location | Date acquired | Source of acquisition | Cost, normal purchase price | Total Checkouts | Total Renewals | Full call number | Barcode | Date last seen | Date checked out | Price effective from | Koha item type |
|---|---|---|---|---|---|---|---|---|---|---|---|---|---|---|---|---|---|---|
| Kelappaji College of Agricultural Engineering & Technology Library, Tavanur | Kelappaji College of Agricultural Engineering & Technology Library, Tavanur | 30/03/2013 | Aman Book Stall, Calicut | 599.00 | 3 | 5 | 624.17 GER/ME | KAU_KCAEFT-24149 | 16/01/2019 | 19/09/2018 | 27/06/2016 | Books (General) |
